000 00252nam a22001217a 4500
008 170905b xxu||||| |||| 00| 0 eng d
041 _aeng
080 _a615.1
100 _a05
101 _aMK
245 _aVADEMEKUM
_cFARMAKOS.N.C
942 _2udc
_cBK
999 _c26123
_d26123